MARC

LEADER 00000nam0a2200000 4500
001 283053
005 20231101235546.0
020 |a RU  |b 85-2691 
035 |a (RuTPU)RU\TPU\book\307081 
090 |a 283053 
100 |a 20150204d1984 km y0rusy5003 ca 
101 0 |a rus 
102 |a RU 
105 |a a z 001zy 
200 1 |a Русская художественная культура второй половины XIX - начала XX века  |f Г. Ю. Стернин 
210 |a Москва  |c Советский художник  |d 1984 
215 |a 296 с.  |c 68 л. ил. 
225 1 |a Библиотека искусствознания 
320 |a Указатель имен: с. 290-294 
320 |a Библиогр.: с. 283-285 
606 1 |a Искусство  |x Теория  |x Философия  |2 stltpush  |3 (RuTPU)RU\TPU\subj\13189  |9 39840 
610 1 |a русское изобразительное искусство 
610 1 |a история 
610 1 |a художественная культура 
610 1 |a Россия 
610 1 |a 19 век 
610 1 |a 20 век 
610 1 |a реализм 
610 1 |a передвижники 
610 1 |a модерн 
610 1 |a символизм 
675 |a 7.01  |z rus  |v 3 
700 1 |a Стернин  |b Г. Ю.  |g Григорий Юрьевич  |4 070 
801 0 |a RU  |b RuMRKP  |c 19950704  |g psbo 
801 1 |a RU  |b 63413507  |c 20150204 
801 2 |a RU  |b 63413507  |c 20170127  |g RCR 
942 |c BK